Calculus of a single variable / (Record no. 10140)
[ view plain ]
| 000 -LEADER | |
|---|---|
| fixed length control field | 00544pam a2200169 a 4500 |
| 020 ## - ISBN | |
| International Standard Book Number | 0534939244 : |
| Terms of availability | $46.00 |
| 050 00 - LIBRARY OF CONGRESS CALL NUMBER | |
| Classification Number | QA303 |
| Item Number | .S9357 1994 |
| 100 1# - MAIN ENTRY--Author | |
| Personal name | Swokowski, Earl William, |
| Dates associated with a name | 1926- |
| 245 10 - TITLE | |
| Title | Calculus of a single variable / |
| Statement of responsibility, etc | Earl W. Swokowski, Michael Olinick, Dennis Pence ; with the assistance of Jeffery A. Cole. |
| 250 ## - EDITIONSTATEMENT | |
| Edition statement | 2nd ed. |
| 260 ## - PUBLICATION, DISTRIBUTION, ETC.(IMPRINT) | |
| Place of publication, distribution, etc | Boston : |
| Name of publisher, distributor, etc | PWS Pub. Co., |
| Date of publication, distribution, etc | c1994. |
| 300 ## - PHYSICAL DESCRIPTION | |
| Extent | xxiv, 843, 81 p. : |
| 500 ## - GENERALNOTE | |
| General note | Includes index. |
| 700 1# - ADDED ENTRY--PERSONAL AUTHOR | |
| Personal Name | Olinick, Michael. |
| 700 1# - ADDED ENTRY--PERSONAL AUTHOR | |
| Personal Name | Pence, Dennis. |
| 942 ## - ADDED ENTRY ELEMENTS(KOHA) | |
| Source of classification or shelving scheme | Library of Congress Classification |
| Koha item type | General circulation |
No items available.